Drowning Lessons MCR Lyrics - Statistics

General Stats
  • This quiz has been taken 6 times
  • The average score is 209 of 267
Answer Stats
% Correct
a
100%
A
100%
And
100%
and
100%
be
100%
could
100%
end
100%
for
100%
kiss
100%
me
100%
never
100%
of
100%
on
100%
one
100%
That
100%
that
100%
the
100%
then
100%
there
100%
We
100%
we
100%
where
100%
you
100%
your
100%
again
75%
all
75%
All
75%
As
75%
as
75%
at
75%
away
75%
back
75%
been
75%
blue
75%
can't
75%
celebrate
75%
champagne
75%
cheap
75%
cold
75%
die
75%
do
75%
down
75%
dragged
75%
dressed
75%
feet
75%
from
75%
From
75%
front
75%
goodbye
75%
gown
75%
grains
75%
her
75%
hundredth
75%
I
75%
I'm
75%
in
75%
into
75%
it
75%
it'd
75%
I've
75%
Just
75%
just
75%
kerosene
75%
laugh
75%
lifeless
75%
moment
75%
no
75%
out
75%
poison
75%
put
75%
red
75%
rice
75%
roses
75%
say
75%
see
75%
shell
75%
show
75%
sound
75%
stared
75%
things
75%
thinking
75%
this
75%
thought
75%
time
75%
to
75%
tomorrow
75%
Tomorrow
75%
took
75%
twisted
75%
was
75%
wash
75%
way
75%
wear
75%
wedding
75%
We'll
75%
we'll
75%
well
75%
what
75%
wish
75%
with
75%
With
75%
Without
75%
without
75%
would
75%
adore
50%
alone
50%
asking
50%
bodies
50%
Come
50%
engagement
50%
enough
50%
every
50%
fell
50%
hands
50%
held
50%
here
50%
if
50%
I'll
50%
Imaginary
50%
inch
50%
is
50%
keep
50%
killed
50%
left
50%
making
50%
more
50%
piled
50%
prove
50%
ring
50%
squeezed
50%
stained
50%
These
50%
thousand
50%
times
50%
up
50%
we're
50%
sanity
25%
No matching quizzes found
Score Distribution
Percent of People with Each Score
Percentile by Number Answered
Your Score History
You have not taken this quiz